| 000 | 00659nam a2200181 a 4500 | ||
|---|---|---|---|
| 001 | 000030285 | ||
| 005 | 20200930060211.0 | ||
| 008 | 110509s1988 dr 000 0 spa d | ||
| 040 |
_aDO-SdBNP _bspa _cBNPHU |
||
| 100 | 1 |
_aPellerano Morilla, Fernando _98482 |
|
| 245 | 1 | 0 |
_aFuga de capitales en la República Dominicana : _bconceptos, magnitudes y políticas / _cFernando Pellerano Morillo. |
| 260 |
_aSanto Domingo: _aFundación Friederich Ebert, _c1988. _fEditora Amigo del Hogar |
||
| 300 |
_a32 p. ; _c23 cm. |
||
| 490 | 1 | _aEstudios económico-sociales | |
| 504 | _aBibliografía: p. 29-30 | ||
| 830 | 0 |
_aEstudios económico-sociales _97893 |
|
| 049 | _aBNPD | ||
| 999 |
_c29777 _d29777 |
||